000 00304cam a22001097a 4500
008 180718b-- xxu||||| |||| 00| 0 eng d
082 _aA42x5451 B
100 _aAndhra Pradesh. Law Department
245 _aAndhra Pradesh bills
260 _aHyderabad
_bThe author
_c--
500 _aLibrary has 1960, 1962-1968
999 _c487876
_d487876